zpět

Detail výsledku týmu

Hells Bells Beer Pub, Praha

Datum a čas kvízu

32.5 Celkem bodů Celkový počet nahraných bodů na tomto kvízu bez doplňovacích otázek.
8. Pořadí na kvízu Konečné umístění týmu na tomto kvízu.

Zaznamenané odpovědi

# Otázka Odpověď Body Výsledky
1. Sociální demokraté si novým šé... 1
2. Obyvatelé Moskvy přišli na způ... 1
3. V Berlíně minulý týden začal d... 1
4. Mimořádná valná hromada jedné... 1
5. Senzační zlatá medaile Ester L... 1
6. Která slavná americká kapela n... 0
7. Otcem titána Oriona v řecké my... 1
8. Který z těchto výrobků nepatří... 0
9. Orion je kosmická loď vyvíjená... 1
10. Odrůda jablek Orion byla vyšle... 1